000 00375nam a2200121Ia 4500
008 220615s9999||||xx |||||||||||||| ||und||
245 0 _aSelected Topics in Plastic Reconstructive Surgery
546 _aEnglish[eng]
650 _aGeneral surgery
700 _aDanilla, Stefan
856 _uhttps://mts.intechopen.com/storage/books/784/authors_book/authors_book.pdf
942 _cEB
999 _c9180
_d9180